Регионална библиотека "Любен Каравелов" - Русе

В навечерието (Запис номер 174086)

MARC детайли
000 -Лидер
Контролно поле с фиксирана дължина 01382nam a2200325 a 4500
003 - Код на организацията, давaща контролен номер
Контролно поле BLK
005 - Дата и час на последна редакция
Контролно поле 20250201005444.0
008 - Елементи от данни с фиксирана дължина
fixed length control field 180411b bul|||||r ||||||| ||bul||
010 ## - Наследен системен номер
LC control number KNG00182538000
040 ## - Източник на каталожния запис
Идентификатор на билиотеката - собственик на записа BLK
041 ## - Код за език
Код за езика на текст/звукозапис или на отделно заглавие Български
Код за езика КДБФ Български
080 ## - УДК
Текстов определител УДК Руска литература
УДК код - определител по УДК 821.161.1
УДК определител -31
УДК - код + определител 821.161.1-31
100 1# - Редна дума - Автор
Автор Тургенев, Иван Сергеевич
Авторска отговорност първи автор
R(LIN) 365685
139 ## - Редно поле
Редна дума Тургенев, Иван Сергеевич
Авторски знак Тург - Т 92
245 10 - Сведения за заглавието
Заглавие В навечерието
Подзаглавни данни Роман
Редно поле (дума) Иван Сергеевич Тургенев; прев. от рус. Георги Константинов; с послесл. от Любомир Б. Павлов.
250 ## - Област на изданието
Сведения за изданието 10. изд.
257 ## - Страна на издаване
Страна на създаване/издаване Русия
260 ## - Област на издателските данни
Място на издаване, разпространение и проч. София
Име на издателя, разпространителя и проч. Нар. култура
Година на издаване 1972
300 ## - Физическа характеристика
Страници 168 с.
Размери/Мащаб 20 см
380 ## - Жанр
Жанр Худож. лит.
490 1# - СЕРИИ (Колекции)
Име на серия Библиотека за ученика
500 ## - Общи забележки
Забележка Ориг. загл. Накануне. - В кн. означено 9. изд.
700 ## - Други автори (авторска отговорност)
Лично име Константинов, Георги
Друга информация Христов, Георги Константинов
9 (RLIN) 364908
700 1# - Други автори (авторска отговорност)
Лично име Павлов, Любомир Б.
Автороска отговорност (Описва отношението между автора и произведението) с послесл. от
9 (RLIN) 382508
852 ## - Местоположение
Форматна сигнатура Цб 61750
Фондова буква Хранилище
999 ## - СИСТЕМНИ КОНТРОЛНИ НОМЕРА
Koha biblionumber 174086
Koha biblioitemnumber 174086
942 ## - АРТИКУЛИ
Вид на библиотечния материал Книги
Скрит в OPAC Не
Периодичен библиозапис Да
944 ## - СЪЗДАВАНЕ И РЕДАКЦИЯ на ЗАПИСА
Създаване/Редакция Създаване
Дата на регистрацията/редакция 21.11.2007
Служител, извършил регистрацията/редакцията
Статус, дата на статуса CRON CRON
944 ## - СЪЗДАВАНЕ И РЕДАКЦИЯ на ЗАПИСА
Създаване/Редакция Редакция
Дата на регистрацията/редакция 2022-08-04
Служител, извършил регистрацията/редакцията СТ
999 ## - СИСТЕМНИ КОНТРОЛНИ НОМЕРА
Koha biblioitemnumber 174086
Наличности
Код за отписване Код за изгубен артикул Източник на класификационната схема Код за повреда Коз за рестрикции Код за отдаване Артикулен № Име на библиотеката - собственик Име на библиотеката, в която се намира в момента Статус (Текущо местоположение) Дата на вписване в системата Местоположение - отдел Цена в лева Инвентарен номер Систематично азбучна сигнатура Баркод Номер на екземпляра Цена в евро Служебна бележка Служебен тип на артикула Бележка за публиката
  Не е изгубен Universal Decimal Classification Не е повреден без рестрикции ползва се в читалня 298289 Регионална библиотека "Любен Каравелов" Русе Регионална библиотека "Любен Каравелов" Русе Хранилище 1972-01-01 Хранилище 0.30 110640 Цб 61750 120000110640 1 0.15 Дост: Dp Вид: Сф Дата: 01.01.1972 Книги  
Изтеглен Не е изгубен   Не е повреден без рестрикции заемане за дома 298290 Регионална библиотека "Любен Каравелов" Русе Регионална библиотека "Любен Каравелов" Русе   1972-01-01 Заемна - подръчен фонд 0.30 111546 П 882-31/Т 92 111546 2 0.15 Дост: Pk Вид: Сф Дата: 01.01.1972 Книги Отч.N: 24/2018 , Дата: 26.03.2018
Изтеглен Не е изгубен   Не е повреден без рестрикции заемане за дома 298291 Регионална библиотека "Любен Каравелов" Русе Регионална библиотека "Любен Каравелов" Русе   1972-01-01 Заемна - подръчен фонд 0.30 111545 П 882-31/Т 92 111545 3 0.15 Дост: Pk Вид: Сф Дата: 01.01.1972 Книги Отч.N: 24/2018 , Дата: 26.03.2018
Изтеглен Не е изгубен   Не е повреден без рестрикции заемане за дома 298292 Регионална библиотека "Любен Каравелов" Русе Регионална библиотека "Любен Каравелов" Русе   1972-01-01 Заемна - подръчен фонд 0.30 111544 П 882-31/Т 92 111544 4 0.15 Дост: Pk Вид: Сф Дата: 01.01.1972 Книги Отч.N: 24/2018 , Дата: 26.03.2018
Vip Innovations Ltd, Rousse, Bulgaria 2025